000 01264nam0a22002771 4500
001 rc\3923709
005 20130415111314.2
021 _aRU
_b[49-16524]
035 _a(NLR Aleph) 008027555
090 _a8800333
_c8800333
100 _a20130415d1949 |||y0rusy50 ca
101 0 _arus
102 _aRU
105 _aa z |||||
200 1 _aПрактическое руководство по эксплуатации бутыломоечной машины системы ГАБ (Галасова, Азриеловича и Бордукова)
_f[Предисл. д-ра техн. наук проф. Г.А. Кук, с. 3-4]
_gЛенингр. отд-ние Всесоюз. науч. инж.-техн. о-ва пищевой пром-сти
210 _aЛенинград
_c2-я ф-ка дет. книги Детгиза
_d1949
215 _a64 с., 3 л. черт.
_cчерт.
_d21
300 _aПеред загл. авт.: С.С. Азриелович
606 _aМоечные машины для бутылок
_2psbo
700 1 _aАзриелович
_bС. С.
_gСемен Савельевич
702 1 _aКук
_bГ. А.
_4080
801 0 _aRU
_bNLR
_gpsbo
801 1 _aRU
_bELAR
_2rusmarc
852 _aNLR
_jТ66 Г-4/418
942 _cBOOK
980 _aNB